000 02578 a2200301 4500
999 _c10663
_d10663
020 _a9781838012762
050 _aPS3603
_bDON 2021
100 _aDonaldson, Chris
_d1975 -
_eauthor
245 _aGoing the wrong way /
_cChris Donaldson
264 _a[Place of publication not identified] :
_bChris Donaldson,
_c[2021] ♭2021.
300 _axvi, 379 pages :
_b illustrations (chiefly colour), maps, portraits ; 21 cm.
336 _2rdacontent
_atext
_btxt
337 _2rdamedia
_aunmediated
_bn
338 _2rdacarrier
_avolume
_bnc
500 _a"Escaping 1970's Belfast on his Moto Guzzi Le Mans, Chris searches for himself and the road to Australia. What could possibly go wrong?" -- Cover. Autobiographies Biographies Travel writing Rčits de voyages Biography
505 _aAuthor Biography, Foreword, Introduction, Chapter 1 Growing up in War-Torn Belfast 1, Chapter 2 Leaving Home 15, Chapter 3 Israel and Cyprus 28, Chapter 4 Syria and Jordan, Chapter 5 Egypt, Chapter 6 The Nubian Desert 85, Chapter 7 The Sudanese Express 111, Chapter 8 The Road to Hell 126, Chapter 9 Uganda and Kenya 156, Chapter 10 Tanzania and Zambia 180, Chapter 11 Zimbabwe/Rhodesia 199, Chapter 12 South Africa 204, Chapter 13 Sailing Away 233, Chapter 14 Fear and Loving, North America 268, Chapter 15 Paranoid Biker in Central America 308, Chapter 16 Colombia and Ecuador 335, Chapter 17 Peru and Bolivia 348, Chapter 18 Argentina and Brazil 372, Chapter 19 The End 379
520 _aWhat could possibly go wrong when a 21- year old man decides to fire up his set of wheels; his beautiful car racing Moto Guzzi and head for somewhere, yet nowhere- in response to his desire to explore; break free from his mediocre, middle-class life and reach out for the unknown? What could go wrong during a 50,000 mile travel across the world, through 33 countries, executed by an unleashed 20-year old, making the spiritual transition to become a man? As it turns out, a ton of things could go wrong, but a life-time of lessons would be learned as well- the hard way. Ready for a journey of discovery through the eyes of someone who experienced all the horror, excitement, thrill, and hell; a boy turned man? Keep reading!
650 _a Donaldson, Chris
_xTravel.
650 _aMotorcycle touring.
650 _aVoyages around the world
_xBiography.
650 _aIrish
_xBiography.
650 _aComing of age
_xBiography.
650 _aComing of age.
650 _a Irish.
650 _aTravel.
650 _aVoyages around the world.
942 _2lcc
_cBK
_h3603
_iDON
_kPS